000
00505nam a2200169Ia 4500
008
090711s9999 xx 000 0 und d
082
_b
29740
100
_a
खरे सुरेश
245
_a
असुनी नाथ मी अनाथ
260
_c
1973
300
_a
83
600
_a
खरे सुरेश
630
_a
असुनी नाथ मी अनाथ
700
_a
खरे सुरेश
730
_a
असुनी नाथ मी अनाथ
942
_c
BOOK
999
_c
305976
_d
305976